000 00504ntaaa2200193 4500
003 01
005 20251027202709.0
008 0714s1973 ag 01
040 _aAR-BaBN
_bspa
_cAR-BaBN
_eaacr
_dRIC
082 _a492.2900 St4
100 _aStevenson, William B
_926650
245 _aGrammar of palestinian jewish aramaic
250 _a1 ed.
260 _aOxford :
_bClarendon Press,
_c1924
300 _a96 p
650 _agramática aramea
_926651
650 _aarameo-gramática
_926652
942 _cBK
999 _c22137
_d22137